[Event "CAN-ch U20"]
[Site "Toronto CAN"]
[Date "2008.05.11"]
[Round "5"]
[White "Kleinman, Michael"]
[Black "Orlova, Yelizaveta"]
[Result "1-0"]
[WhiteElo "1992"]
[BlackElo "1909"]
[PlyCount "35"]
[GameId "2160767910354898"]
[EventDate "2008.05.09"]
[EventType "swiss"]
[EventRounds "9"]
[EventCountry "CAN"]
[SourceTitle "EXT 2011"]
[Source "ChessBase"]
[SourceDate "2011.11.26"]
[SourceVersion "1"]
[SourceVersionDate "2011.11.26"]
[SourceQuality "1"]

1. e4 c5 2. Nf3 Nc6 3. Bb5 Qb6 4. Nc3 g6 5. d4 cxd4 6. Nd5 Qa5+ 7. Bd2 Qd8 8. Bf4 d6 9. Qxd4 f6 10. e5 Kf7 11. Qc4 Be6 12. exf6 exf6 13. O-O-O Nge7 14. Rhe1 Bxd5 15. Rxd5 Nxd5 16. Qxd5+ Kg7 17. Nd4 Nxd4 18. Qxb7+ 1-0

[Event "CAN-ch U20"]
[Site "Toronto CAN"]
[Date "2008.05.11"]
[Round "5"]
[White "Perelman, Leon"]
[Black "Makaremi, Sina"]
[Result "0-1"]
[WhiteElo "1797"]
[BlackElo "1869"]
[PlyCount "52"]
[GameId "2160767910354900"]
[EventDate "2008.05.09"]
[EventType "swiss"]
[EventRounds "9"]
[EventCountry "CAN"]
[SourceTitle "EXT 2011"]
[Source "ChessBase"]
[SourceDate "2011.11.26"]
[SourceVersion "1"]
[SourceVersionDate "2011.11.26"]
[SourceQuality "1"]

1. f4 c5 2. Nf3 d5 3. e3 g6 4. d4 Bg7 5. Be2 cxd4 6. exd4 Nc6 7. b3 Nh6 8. O-O Nf5 9. c3 O-O 10. Qe1 Ncxd4 11. cxd4 Nxd4 12. Ne5 Nc2 13. Qc3 Qb6+ 14. Kh1 Bf5 15. Bb2 Rac8 16. Qd2 Nxa1 17. Bxa1 Rc2 18. Qd1 Rfc8 19. Nc3 e6 20. Na4 Qe3 21. Nc3 Bxe5 22. fxe5 d4 23. Rf3 Qc1 24. Rf1 Qxd1 25. Rxd1 dxc3 26. Bf3 Rxa2 0-1

[Event "CAN-ch U20"]
[Site "Toronto CAN"]
[Date "2008.05.11"]
[Round "5"]
[White "Tayar, Jonathan"]
[Black "Martchenko, Alexander"]
[Result "1-0"]
[WhiteElo "2343"]
[BlackElo "2212"]
[PlyCount "91"]
[GameId "2160767910354901"]
[EventDate "2008.05.09"]
[EventType "swiss"]
[EventRounds "9"]
[EventCountry "CAN"]
[SourceTitle "EXT 2011"]
[Source "ChessBase"]
[SourceDate "2011.11.26"]
[SourceVersion "1"]
[SourceVersionDate "2011.11.26"]
[SourceQuality "1"]

1. e4 c5 2. Nf3 Nc6 3. d4 cxd4 4. Nxd4 Nf6 5. Nc3 e5 6. Ndb5 d6 7. Bg5 a6 8. Na3 b5 9. Bxf6 gxf6 10. Nd5 f5 11. c3 Bg7 12. exf5 Bxf5 13. Nc2 O-O 14. Nce3 Be6 15. Bd3 f5 16. Bc2 Ne7 17. Nxe7+ Qxe7 18. Bxf5 Bxf5 19. Nxf5 Qf7 20. Qd5 Ra7 21. Qxf7+ Raxf7 22. g4 Rd7 23. Rd1 Rfd8 24. Rd5 Kf7 25. Ke2 Ke6 26. Rhd1 Bf8 27. R1d2 Rc7 28. f3 Rc4 29. a3 Rd7 30. Ng3 Bh6 31. R2d3 Bc1 32. Ne4 Rc6 33. b4 Ke7 34. a4 bxa4 35. Nc5 Rdc7 36. Nxa4 Bf4 37. h3 Rc8 38. Kd1 h5 39. Kc2 hxg4 40. hxg4 Rg8 41. Kb3 e4 42. R3d4 Ke6 43. Rf5 Be5 44. Rxe4 Kd5 45. c4+ Ke6 46. Nc3 1-0

[Event "CAN-ch U20"]
[Site "Toronto CAN"]
[Date "2008.05.12"]
[Round "6"]
[White "Cai, Tony"]
[Black "Zhou, Haonan"]
[Result "0-1"]
[WhiteElo "1675"]
[BlackElo "2137"]
[PlyCount "58"]
[GameId "2160767910354903"]
[EventDate "2008.05.09"]
[EventType "swiss"]
[EventRounds "9"]
[EventCountry "CAN"]
[SourceTitle "EXT 2011"]
[Source "ChessBase"]
[SourceDate "2011.11.26"]
[SourceVersion "1"]
[SourceVersionDate "2011.11.26"]
[SourceQuality "1"]

1. d4 d5 2. c4 c6 3. Nc3 Nf6 4. Bg5 Ne4 5. Bf4 Nxc3 6. bxc3 dxc4 7. e4 b5 8. a4 a6 9. Be2 e6 10. Nf3 Nd7 11. O-O Nf6 12. Qc2 Be7 13. Rfd1 O-O 14. Nd2 a5 15. Rab1 Ba6 16. Bg3 Qc8 17. Nf1 b4 18. cxb4 axb4 19. e5 Nd5 20. Rdc1 Nc3 21. Ra1 Nxe2+ 22. Qxe2 Rd8 23. Qc2 Rxd4 24. Nd2 Qd7 25. Nf3 Rd3 26. Rd1 Rf8 27. Rxd3 Qxd3 28. Qxd3 cxd3 29. Nd2 c5 0-1

[Event "CAN-ch U20"]
[Site "Toronto CAN"]
[Date "2008.05.12"]
[Round "6"]
[White "Gusev, Nikita"]
[Black "Kleinman, Michael"]
[Result "0-1"]
[WhiteElo "2145"]
[BlackElo "1992"]
[PlyCount "90"]
[GameId "2160767910354904"]
[EventDate "2008.05.09"]
[EventType "swiss"]
[EventRounds "9"]
[EventCountry "CAN"]
[SourceTitle "EXT 2011"]
[Source "ChessBase"]
[SourceDate "2011.11.26"]
[SourceVersion "1"]
[SourceVersionDate "2011.11.26"]
[SourceQuality "1"]

1. e4 c5 2. Nf3 d6 3. d4 cxd4 4. Nxd4 Nf6 5. Nc3 a6 6. Be2 e6 7. Be3 Be7 8. O-O Qc7 9. f4 Nbd7 10. Bf3 Nb6 11. Bf2 Bd7 12. Nde2 e5 13. Kh1 Rd8 14. a4 Bc6 15. a5 Nc4 16. b3 Nxa5 17. Na4 Nd7 18. Nac3 Ra8 19. Nd5 Bxd5 20. exd5 b5 21. fxe5 Nxe5 22. Be4 Nb7 23. Nd4 O-O 24. Nf5 Bf6 25. Rc1 Nc5 26. Bxc5 Qxc5 27. Nh6+ Kh8 28. Rxf6 gxf6 29. Qf1 Kg7 30. Qf5 Ng6 31. Ng4 Qc3 32. Rf1 a5 33. Qh5 f5 34. Bxf5 a4 35. Qh6+ Kg8 36. Bd3 f5 37. Ne3 axb3 38. Nxf5 Kh8 39. h4 Ra1 40. Rxa1 Qxa1+ 41. Kh2 Rxf5 42. Bxf5 Qe5+ 43. g3 Qxf5 44. cxb3 Ne5 45. Qd2 Nf3+ 0-1

[Event "CAN-ch U20"]
[Site "Toronto CAN"]
[Date "2008.05.12"]
[Round "6"]
[White "Martchenko, Alexander"]
[Black "Humphreys, Michael"]
[Result "1-0"]
[WhiteElo "2212"]
[BlackElo "2103"]
[PlyCount "61"]
[GameId "2160767910354905"]
[EventDate "2008.05.09"]
[EventType "swiss"]
[EventRounds "9"]
[EventCountry "CAN"]
[SourceTitle "EXT 2011"]
[Source "ChessBase"]
[SourceDate "2011.11.26"]
[SourceVersion "1"]
[SourceVersionDate "2011.11.26"]
[SourceQuality "1"]

1. e4 g6 2. d4 Bg7 3. Nc3 d6 4. Bg5 Nf6 5. Qd2 h6 6. Bh4 g5 7. Bg3 Nh5 8. O-O-O Nc6 9. Nge2 Bd7 10. f3 Nxg3 11. hxg3 e6 12. g4 Qf6 13. Qe3 a6 14. Kb1 O-O-O 15. Qf2 Kb8 16. Ng3 Qg6 17. Nh5 Ne7 18. Bd3 e5 19. d5 Qh7 20. Ne2 Ng6 21. g3 Bf8 22. c4 Bc8 23. b4 b6 24. Nc3 Be7 25. Na4 Kb7 26. Ka1 Bd7 27. Qc2 a5 28. c5 dxc5 29. bxc5 Bxc5 30. Nxc5+ bxc5 31. Rb1+ 1-0

[Event "CAN-ch U20"]
[Site "Toronto CAN"]
[Date "2008.05.12"]
[Round "6"]
[White "Perelman, Leon"]
[Black "Kaminski, Victor"]
[Result "0-1"]
[WhiteElo "1797"]
[BlackElo "2285"]
[PlyCount "38"]
[GameId "2160767910354906"]
[EventDate "2008.05.09"]
[EventType "swiss"]
[EventRounds "9"]
[EventCountry "CAN"]
[SourceTitle "EXT 2011"]
[Source "ChessBase"]
[SourceDate "2011.11.26"]
[SourceVersion "1"]
[SourceVersionDate "2011.11.26"]
[SourceQuality "1"]

1. Nf3 d5 2. c4 d4 3. g3 Nc6 4. d3 e5 5. Bg2 a5 6. O-O h6 7. Ne1 Ra6 8. Nc2 h5 9. e3 Be7 10. Re1 Kf8 11. exd4 exd4 12. Nd2 h4 13. Ne4 hxg3 14. hxg3 f5 15. Qf3 Ne5 16. Qf4 Nxd3 17. Qf3 Nxe1 18. Nxe1 Re6 19. Qxf5+ Nf6 0-1

[Event "CAN-ch U20"]
[Site "Toronto CAN"]
[Date "2008.05.12"]
[Round "6"]
[White "Zhang, David"]
[Black "Makaremi, Sina"]
[Result "1-0"]
[WhiteElo "1751"]
[BlackElo "1869"]
[PlyCount "65"]
[GameId "2160767910354908"]
[EventDate "2008.05.09"]
[EventType "swiss"]
[EventRounds "9"]
[EventCountry "CAN"]
[SourceTitle "EXT 2011"]
[Source "ChessBase"]
[SourceDate "2011.11.26"]
[SourceVersion "1"]
[SourceVersionDate "2011.11.26"]
[SourceQuality "1"]

1. e4 c5 2. Nf3 Nf6 3. Nc3 Nc6 4. d4 d5 5. exd5 Nxd5 6. Nxd5 Qxd5 7. Bb5 Bd7 8. c4 Qf5 9. Be3 e6 10. O-O a6 11. Ba4 Be7 12. Kh1 O-O-O 13. a3 Kb8 14. dxc5 e5 15. Qe2 e4 16. Bxc6 Bxc6 17. Nd4 Qe5 18. Rad1 Bxc5 19. Nxc6+ bxc6 20. b4 Bxe3 21. Qxe3 Kb7 22. Rd2 Rxd2 23. Qxd2 Kc7 24. Rd1 Qe6 25. c5 Re8 26. Qf4+ Kb7 27. h3 Re7 28. Qd2 Qc8 29. Qd6 Qc7 30. Qd4 f6 31. Kg1 Kc8 32. Qc4 Qb7 33. Qg8+ 1-0

[Event "CAN-ch U20"]
[Site "Toronto CAN"]
[Date "2008.05.12"]
[Round "7"]
[White "Cai, Tony"]
[Black "Zhang, David"]
[Result "0-1"]
[WhiteElo "1675"]
[BlackElo "1751"]
[PlyCount "72"]
[GameId "2160767910354909"]
[EventDate "2008.05.09"]
[EventType "swiss"]
[EventRounds "9"]
[EventCountry "CAN"]
[SourceTitle "EXT 2011"]
[Source "ChessBase"]
[SourceDate "2011.11.26"]
[SourceVersion "1"]
[SourceVersionDate "2011.11.26"]
[SourceQuality "1"]

1. d4 d5 2. c4 c6 3. Nc3 Nf6 4. Bg5 e6 5. e3 Be7 6. Nf3 Nbd7 7. Bd3 O-O 8. O-O dxc4 9. Bxc4 Nb6 10. Bd3 Nfd5 11. Bxe7 Qxe7 12. Rc1 h6 13. Bb1 Nd7 14. Qd3 N7f6 15. a3 Rd8 16. Qc2 g6 17. Ne4 Kg7 18. Nc5 b6 19. Ne5 Qe8 20. Ncd3 Bb7 21. Qe2 Rac8 22. Rc2 Rc7 23. Rfc1 Rdc8 24. Nc4 Qd8 25. e4 Ne7 26. e5 Ne8 27. Qg4 Rd7 28. Ne3 Rxd4 29. Nf4 c5 30. Qg3 Be4 31. Rc4 Bxb1 32. Rxb1 Rd2 33. Nh5+ Kh7 34. Rf4 Nf5 35. Qg4 gxh5 36. Qxh5 Rc7 0-1

[Event "CAN-ch U20"]
[Site "Toronto CAN"]
[Date "2008.05.12"]
[Round "7"]
[White "Kaminski, Victor"]
[Black "Tayar, Jonathan"]
[Result "1/2-1/2"]
[WhiteElo "2285"]
[BlackElo "2343"]
[PlyCount "109"]
[GameId "2160767910354911"]
[EventDate "2008.05.09"]
[EventType "swiss"]
[EventRounds "9"]
[EventCountry "CAN"]
[SourceTitle "EXT 2011"]
[Source "ChessBase"]
[SourceDate "2011.11.26"]
[SourceVersion "1"]
[SourceVersionDate "2011.11.26"]
[SourceQuality "1"]

1. d4 Nf6 2. Nf3 g6 3. g3 Bg7 4. c4 O-O 5. Bg2 d6 6. Nc3 Nbd7 7. O-O e5 8. h3 Re8 9. e4 exd4 10. Nxd4 a6 11. Re1 Rb8 12. a4 a5 13. Ndb5 Nc5 14. Ra2 Nfd7 15. Re3 Ne5 16. b3 Nc6 17. Nd5 Na6 18. Bb2 Bxb2 19. Rxb2 Be6 20. Ndc3 Qc8 21. Kh2 Nc5 22. Rd2 f6 23. f4 Kg7 24. Rde2 Qd7 25. Nd5 Bxd5 26. cxd5 Ne7 27. Qd2 b6 28. Qd4 c6 29. dxc6 Nxc6 30. Qxd6 Qxd6 31. Nxd6 Re6 32. Nb5 Rd8 33. e5 Nd4 34. Nxd4 Rxd4 35. h4 fxe5 36. fxe5 Re7 37. Bc6 Rd3 38. Bb5 Rxb3 39. Rxb3 Nxb3 40. Re4 Nd2 41. Re2 Nf3+ 42. Kg2 Nxe5 43. Rd2 Re6 44. Rd8 Kf6 45. Rh8 h5 46. Rf8+ Kg7 47. Re8 Kf6 48. Rxe6+ Kxe6 49. Kf2 Kf5 50. Be8 Ke4 51. Ke2 Kd4 52. Kf2 Kd3 53. Bb5+ Ke4 54. Be8 Kf5 55. Ke3 1/2-1/2

[Event "CAN-ch U20"]
[Site "Toronto CAN"]
[Date "2008.05.12"]
[Round "7"]
[White "Makaremi, Sina"]
[Black "Orlova, Yelizaveta"]
[Result "0-1"]
[WhiteElo "1869"]
[BlackElo "1909"]
[PlyCount "54"]
[GameId "2160767910354912"]
[EventDate "2008.05.09"]
[EventType "swiss"]
[EventRounds "9"]
[EventCountry "CAN"]
[SourceTitle "EXT 2011"]
[Source "ChessBase"]
[SourceDate "2011.11.26"]
[SourceVersion "1"]
[SourceVersionDate "2011.11.26"]
[SourceQuality "1"]

1. d4 c5 2. d5 e5 3. c4 d6 4. Nc3 Be7 5. g3 Bg5 6. Bh3 Bxc1 7. Qxc1 Bxh3 8. Nxh3 Nh6 9. e4 O-O 10. O-O f6 11. Qd2 a6 12. Qe2 Nd7 13. f3 Qe7 14. a3 Kh8 15. Nf2 f5 16. Rfb1 Rf7 17. b4 Raf8 18. Ra2 fxe4 19. Ncxe4 Nf5 20. Qd3 Nd4 21. f4 exf4 22. bxc5 fxg3 23. Qxd4 gxf2+ 24. Rxf2 dxc5 25. Rxf7 Qxf7 26. Nxc5 Qg6+ 27. Kh1 Qxb1+ 0-1

[Event "CAN-ch U20"]
[Site "Toronto CAN"]
[Date "2008.05.12"]
[Round "7"]
[White "Martchenko, Alexander"]
[Black "Ye, Ling Feng"]
[Result "1-0"]
[WhiteElo "2212"]
[BlackElo "2192"]
[PlyCount "81"]
[GameId "2160767910354913"]
[EventDate "2008.05.09"]
[EventType "swiss"]
[EventRounds "9"]
[EventCountry "CAN"]
[SourceTitle "EXT 2011"]
[Source "ChessBase"]
[SourceDate "2011.11.26"]
[SourceVersion "1"]
[SourceVersionDate "2011.11.26"]
[SourceQuality "1"]

1. e4 c5 2. Nc3 e6 3. Nge2 Nc6 4. d4 cxd4 5. Nxd4 d6 6. Nb3 a6 7. g3 Nf6 8. Bg2 Be7 9. O-O O-O 10. Kh1 Qc7 11. f4 b5 12. a3 Bb7 13. g4 Nd7 14. g5 Nb6 15. Qh5 g6 16. Qh6 f5 17. exf5 Rxf5 18. Qh3 e5 19. Ne4 Nd5 20. Bd2 Raf8 21. fxe5 dxe5 22. Nec5 Rxf1+ 23. Rxf1 Rxf1+ 24. Bxf1 Bxc5 25. Nxc5 Bc8 26. Qb3 Qf7 27. Bg2 Nde7 28. Qd3 Nd4 29. Ne4 Bf5 30. Nf6+ Kg7 31. Qe3 Qe6 32. c3 Nb3 33. Be1 Na5 34. Bg3 Nc4 35. Qa7 e4 36. b3 Nd2 37. Qd4 Nxb3 38. Nh5+ Kf7 39. Qg7+ Ke8 40. Nf6+ Kd8 41. Qf8# 1-0

[Event "CAN-ch U20"]
[Site "Toronto CAN"]
[Date "2008.05.12"]
[Round "7"]
[White "Prysiazny, Michael"]
[Black "Gusev, Nikita"]
[Result "1/2-1/2"]
[WhiteElo "1722"]
[BlackElo "2145"]
[PlyCount "85"]
[GameId "2160767910354914"]
[EventDate "2008.05.09"]
[EventType "swiss"]
[EventRounds "9"]
[EventCountry "CAN"]
[SourceTitle "EXT 2011"]
[Source "ChessBase"]
[SourceDate "2011.11.26"]
[SourceVersion "1"]
[SourceVersionDate "2011.11.26"]
[SourceQuality "1"]

1. e4 c5 2. Nf3 Nc6 3. Nc3 d6 4. d4 cxd4 5. Nxd4 Nf6 6. Bg5 e6 7. Bc4 Be7 8. O-O O-O 9. Bb3 a6 10. Kh1 Qc7 11. f4 h6 12. Nxc6 bxc6 13. Bh4 e5 14. fxe5 dxe5 15. Bxf6 Bxf6 16. Qh5 Qe7 17. Na4 Be6 18. Bxe6 Qxe6 19. Nc5 Qe7 20. b4 Rfd8 21. Rad1 a5 22. a3 axb4 23. axb4 Rxd1 24. Qxd1 Rd8 25. Qf3 Rd2 26. Rf2 Rxf2 27. Qxf2 Qa7 28. Nd3 Qxf2 29. Nxf2 Be7 30. Nd3 f6 31. Kg1 Kf7 32. Kf2 Ke6 33. g4 g6 34. c4 f5 35. gxf5+ gxf5 36. exf5+ Kxf5 37. b5 cxb5 38. cxb5 e4 39. Ne1 Bc5+ 40. Ke2 Ke5 41. Ng2 Bg1 42. h3 Bb6 43. Ne3 1/2-1/2

[Event "CAN-ch U20"]
[Site "Toronto CAN"]
[Date "2008.05.12"]
[Round "7"]
[White "Zhou, Haonan"]
[Black "Humphreys, Michael"]
[Result "1-0"]
[WhiteElo "2137"]
[BlackElo "2103"]
[PlyCount "111"]
[GameId "2160767910354915"]
[EventDate "2008.05.09"]
[EventType "swiss"]
[EventRounds "9"]
[EventCountry "CAN"]
[SourceTitle "EXT 2011"]
[Source "ChessBase"]
[SourceDate "2011.11.26"]
[SourceVersion "1"]
[SourceVersionDate "2011.11.26"]
[SourceQuality "1"]

1. d4 Nf6 2. c4 g6 3. Nc3 d5 4. cxd5 Nxd5 5. e4 Nxc3 6. bxc3 Bg7 7. Nf3 c5 8. Rb1 O-O 9. Be2 cxd4 10. cxd4 Qa5+ 11. Qd2 Qxd2+ 12. Bxd2 b6 13. O-O Rd8 14. d5 Ba6 15. Rfe1 Bxe2 16. Rxe2 Na6 17. Bg5 Rd7 18. Rd1 e6 19. Red2 e5 20. Rc2 Nc5 21. Nd2 f6 22. Be3 Bf8 23. f3 Bd6 24. Nb3 Na4 25. Rdc1 Kf7 26. Kf1 Rdd8 27. Nd2 Bc5 28. Bxc5 Nxc5 29. Nb3 Na6 30. Ke2 Ke7 31. Rc6 Rd6 32. a3 Rxc6 33. Rxc6 Rd8 34. Kd3 Rd6 35. Rc8 Rd8 36. Rc4 Rd7 37. Rc6 Rd6 38. Rc2 Rd7 39. g3 Rc7 40. Rf2 Nb8 41. h4 Rc8 42. g4 h6 43. Rg2 Nd7 44. g5 fxg5 45. hxg5 h5 46. Rf2 Nc5+ 47. Nxc5 Rxc5 48. f4 Ra5 49. fxe5 Rxa3+ 50. Kd4 Ra4+ 51. Ke3 Ra3+ 52. Kf4 Ra5 53. Rd2 Ra1 54. e6 Ra5 55. d6+ Kd8 56. d7 1-0

[Event "CAN-ch U20"]
[Site "Toronto CAN"]
[Date "2008.05.13"]
[Round "8"]
[White "Makaremi, Sina"]
[Black "Cai, Tony"]
[Result "0-1"]
[WhiteElo "1869"]
[BlackElo "1675"]
[PlyCount "102"]
[GameId "2160767910354917"]
[EventDate "2008.05.09"]
[EventType "swiss"]
[EventRounds "9"]
[EventCountry "CAN"]
[SourceTitle "EXT 2011"]
[Source "ChessBase"]
[SourceDate "2011.11.26"]
[SourceVersion "1"]
[SourceVersionDate "2011.11.26"]
[SourceQuality "1"]

1. d4 d5 2. c4 e6 3. Nc3 Nf6 4. cxd5 exd5 5. Bg5 Be7 6. e3 O-O 7. Bd3 Bg4 8. Qc2 Nbd7 9. Nf3 c6 10. O-O h6 11. Bh4 Ne8 12. Bg3 Bd6 13. Bxd6 Nxd6 14. Kh1 Qe7 15. Nd2 f5 16. f3 Bh5 17. Rae1 Rae8 18. Na4 Rf6 19. Rf2 Nf8 20. Nf1 Bg6 21. Nc3 Re6 22. Rfe2 Qf6 23. Qa4 f4 24. e4 dxe4 25. Nxe4 Nxe4 26. Bc4 b5 27. Bxe6+ Nxe6 28. Qb3 Kh8 29. Rxe4 Bxe4 30. Rxe4 Nc7 31. Rxe8+ Nxe8 32. Qd3 Nc7 33. Nd2 Qe6 34. Ne4 Qxa2 35. h4 Qxb2 36. h5 Qc1+ 37. Kh2 Qe3 38. Qc2 Qxd4 39. Qxc6 Qd8 40. Kh3 Qe7 41. Qc2 a5 42. Kh2 Qd8 43. Kh3 Qd7+ 44. Kh2 b4 45. Qb2 Qb5 46. Qb1 a4 47. Nf6 gxf6 48. Qg6 Qg5 49. Qf7 Qg7 50. Qc4 Qe7 51. Qxf4 Qe5 0-1

[Event "CAN-ch U20"]
[Site "Toronto CAN"]
[Date "2008.05.13"]
[Round "8"]
[White "Sapozhnikov, Roman"]
[Black "Martchenko, Alexander"]
[Result "1-0"]
[WhiteElo "2118"]
[BlackElo "2212"]
[PlyCount "121"]
[GameId "2160767910354919"]
[EventDate "2008.05.09"]
[EventType "swiss"]
[EventRounds "9"]
[EventCountry "CAN"]
[SourceTitle "EXT 2011"]
[Source "ChessBase"]
[SourceDate "2011.11.26"]
[SourceVersion "1"]
[SourceVersionDate "2011.11.26"]
[SourceQuality "1"]

1. e4 e5 2. Nf3 Nc6 3. Bb5 a6 4. Ba4 Nf6 5. O-O Be7 6. Re1 b5 7. Bb3 d6 8. c3 O-O 9. h3 Na5 10. Bc2 d5 11. d4 dxe4 12. Nxe5 c5 13. Be3 Qc7 14. Nd2 Bb7 15. Bf4 Bd6 16. Bg3 Rae8 17. Rc1 Bd5 18. Nf1 Ba8 19. Ne3 g6 20. b4 cxb4 21. cxb4 Nc4 22. N3xc4 bxc4 23. Ba4 Rd8 24. Rxc4 Qe7 25. Bc6 Bxb4 26. Bxa8 Bxe1 27. Nc6 Qe6 28. d5 Rxd5 29. Ne7+ Qxe7 30. Bxd5 Nxd5 31. Qxe1 e3 32. Rd4 Qc5 33. fxe3 Re8 34. Bf2 Nf6 35. e4 Qe5 36. Ra4 Re6 37. Bg3 Qc5+ 38. Bf2 Qc6 39. Rb4 Rxe4 40. Rb8+ Re8 41. Qb1 Rxb8 42. Qxb8+ Kg7 43. Bd4 h6 44. h4 Qe4 45. Qe5 Qc6 46. a4 Qe6 47. a5 Qc6 48. Bb2 Qe6 49. Bc3 Qc6 50. g4 Qf3 51. g5 Qd1+ 52. Kf2 Qc2+ 53. Ke3 Qc1+ 54. Kd3 Qd1+ 55. Ke3 Qc1+ 56. Ke2 Qc2+ 57. Ke3 Qc1+ 58. Kd4 Qg1+ 59. Kc4 Qf1+ 60. Kb3 Qb1+ 61. Ka3 1-0

[Event "CAN-ch U20"]
[Site "Toronto CAN"]
[Date "2008.05.13"]
[Round "8"]
[White "Tayar, Jonathan"]
[Black "Zhou, Haonan"]
[Result "1-0"]
[WhiteElo "2343"]
[BlackElo "2137"]
[PlyCount "59"]
[GameId "2160767910354920"]
[EventDate "2008.05.09"]
[EventType "swiss"]
[EventRounds "9"]
[EventCountry "CAN"]
[SourceTitle "EXT 2011"]
[Source "ChessBase"]
[SourceDate "2011.11.26"]
[SourceVersion "1"]
[SourceVersionDate "2011.11.26"]
[SourceQuality "1"]

1. e4 e6 2. d4 d5 3. Nc3 Nf6 4. Bg5 Be7 5. e5 Nfd7 6. Bxe7 Qxe7 7. f4 a6 8. Nf3 c5 9. dxc5 Nc6 10. Bd3 Qxc5 11. Qd2 b5 12. a3 Nb6 13. b4 Qe7 14. Qf2 Rb8 15. O-O Nc4 16. Ne2 Bd7 17. Ned4 Nxd4 18. Nxd4 Rc8 19. Nb3 O-O 20. Nc5 a5 21. Qd4 Bc6 22. c3 Rcd8 23. f5 exf5 24. Bxf5 Ra8 25. Rae1 axb4 26. e6 f6 27. axb4 Ra2 28. Rf3 Nd2 29. Bxh7+ Kh8 30. Rf2 1-0

[Event "CAN-ch U20"]
[Site "Toronto CAN"]
[Date "2008.05.13"]
[Round "8"]
[White "Zhang, David"]
[Black "Ye, Ling Feng"]
[Result "0-1"]
[WhiteElo "1751"]
[BlackElo "2192"]
[PlyCount "62"]
[GameId "2160767910354921"]
[EventDate "2008.05.09"]
[EventType "swiss"]
[EventRounds "9"]
[EventCountry "CAN"]
[SourceTitle "EXT 2011"]
[Source "ChessBase"]
[SourceDate "2011.11.26"]
[SourceVersion "1"]
[SourceVersionDate "2011.11.26"]
[SourceQuality "1"]

1. e4 c5 2. Nf3 e6 3. d4 cxd4 4. Nxd4 Nf6 5. Nc3 d6 6. Bc4 a6 7. Bb3 b5 8. f4 Bb7 9. Qf3 b4 10. Ba4+ Nbd7 11. Nce2 Bxe4 12. Qf2 Be7 13. h3 O-O 14. Bd2 Nc5 15. Nc6 Qc7 16. Nxe7+ Qxe7 17. Bb3 a5 18. Rc1 a4 19. Bc4 d5 20. Be3 Rfc8 21. Bb5 Qb7 22. Nd4 Ra5 23. Qe2 Bg6 24. Bd2 Nce4 25. Rg1 Nxd2 26. Kxd2 Ne4+ 27. Ke1 Qb6 28. Rd1 a3 29. b3 Nc3 30. Qf1 Nxd1 31. Nc6 Rxc6 0-1

[Event "CAN-ch U20"]
[Site "Toronto CAN"]
[Date "2008.05.14"]
[Round "9"]
[White "Calugar, Arthur"]
[Black "Orlova, Yelizaveta"]
[Result "0-1"]
[WhiteElo "2075"]
[BlackElo "1909"]
[PlyCount "78"]
[GameId "2160767910354922"]
[EventDate "2008.05.09"]
[EventType "swiss"]
[EventRounds "9"]
[EventCountry "CAN"]
[SourceTitle "EXT 2011"]
[Source "ChessBase"]
[SourceDate "2011.11.26"]
[SourceVersion "1"]
[SourceVersionDate "2011.11.26"]
[SourceQuality "1"]

1. e4 c5 2. Nf3 Nc6 3. d4 cxd4 4. Nxd4 g6 5. Nc3 Bg7 6. Be3 Nf6 7. Bc4 O-O 8. f3 Qb6 9. Ncb5 a6 10. Nf5 Qa5+ 11. Bd2 Qd8 12. Nh6+ Bxh6 13. Bxh6 axb5 14. Bxf8 Kxf8 15. Be2 Qb6 16. Qd2 Ng8 17. h4 Qd4 18. Qc1 Qe5 19. c3 d6 20. Qe3 b4 21. f4 Qc5 22. Qd2 bxc3 23. bxc3 Ra3 24. Rc1 Be6 25. Rc2 Nf6 26. Bf3 Na5 27. Qf2 Rxc3 28. Qxc5 Rxc5 29. Kd1 b5 30. e5 Nd7 31. exd6 exd6 32. h5 Nc4 33. Re2 Nf6 34. hxg6 hxg6 35. Rh8+ Kg7 36. Rb8 Ng4 37. Kc1 Nge3 38. Re8 d5 39. a3 Nd6+ 0-1

[Event "CAN-ch U20"]
[Site "Toronto CAN"]
[Date "2008.05.14"]
[Round "9"]
[White "Kaminski, Victor"]
[Black "Martchenko, Alexander"]
[Result "0-1"]
[WhiteElo "2285"]
[BlackElo "2212"]
[PlyCount "114"]
[GameId "2160767910354923"]
[EventDate "2008.05.09"]
[EventType "swiss"]
[EventRounds "9"]
[EventCountry "CAN"]
[SourceTitle "EXT 2011"]
[Source "ChessBase"]
[SourceDate "2011.11.26"]
[SourceVersion "1"]
[SourceVersionDate "2011.11.26"]
[SourceQuality "1"]

1. d4 d5 2. Nf3 c6 3. Bf4 e6 4. e3 Nf6 5. Nbd2 Be7 6. Bd3 Nbd7 7. c3 b6 8. Ne5 Nxe5 9. dxe5 Nd7 10. Qg4 g5 11. Nf3 h5 12. Qg3 gxf4 13. Qg7 Rf8 14. exf4 Nc5 15. Bc2 Ba6 16. O-O-O Qc7 17. Nd4 O-O-O 18. g3 Ne4 19. Bxe4 dxe4 20. Qh7 Bc5 21. Qxe4 Bxd4 22. Rxd4 Rxd4 23. Qxd4 Qd7 24. Qxd7+ Kxd7 25. Rd1+ Ke7 26. h4 Rd8 27. Rxd8 Kxd8 28. Kd2 Bf1 29. Ke3 Bh3 30. f3 Bf5 31. Kd2 c5 32. b3 Kc7 33. c4 Kc6 34. a4 a6 35. Kc3 Bh3 36. Kd2 Kd7 37. Ke2 b5 38. a5 bxc4 39. bxc4 Ke7 40. Kf2 Kf8 41. Ke2 Kg7 42. Kf2 Kg6 43. Ke2 Kf5 44. Kf2 f6 45. exf6 Kxf6 46. Ke2 Kf5 47. Kf2 e5 48. fxe5 Kxe5 49. Ke3 Bf1 50. g4 hxg4 51. fxg4 Bxc4 52. h5 Bf7 53. Kd3 c4+ 54. Ke3 Kd5 55. h6 Bg6 56. Kf4 c3 57. Kg5 Be4 0-1

[Event "CAN-ch U20"]
[Site "Toronto CAN"]
[Date "2008.05.14"]
[Round "9"]
[White "Ye, Ling Feng"]
[Black "Humphreys, Michael"]
[Result "1-0"]
[WhiteElo "2192"]
[BlackElo "2103"]
[PlyCount "39"]
[GameId "2160767910354926"]
[EventDate "2008.05.09"]
[EventType "swiss"]
[EventRounds "9"]
[EventCountry "CAN"]
[SourceTitle "EXT 2011"]
[Source "ChessBase"]
[SourceDate "2011.11.26"]
[SourceVersion "1"]
[SourceVersionDate "2011.11.26"]
[SourceQuality "1"]

1. e4 c5 2. Nc3 g6 3. Nge2 Nc6 4. d4 cxd4 5. Nxd4 Bg7 6. Be3 Nf6 7. Nxc6 bxc6 8. e5 Ng8 9. Bd4 f6 10. f4 Qc7 11. Qe2 Bb7 12. O-O-O c5 13. Nb5 Qb6 14. Bc3 Ba6 15. Qe4 Bb7 16. Qe3 O-O-O 17. Qd2 Qe6 18. Ba5 Bh6 19. Bxd8 Qxa2 20. Qxd7+ 1-0

[Event "CAN-ch U20"]
[Site "Toronto CAN"]
[Date "2008.05.14"]
[Round "9"]
[White "Zhou, Haonan"]
[Black "Perelman, Leon"]
[Result "1-0"]
[WhiteElo "2137"]
[BlackElo "1797"]
[PlyCount "37"]
[GameId "2160767910354927"]
[EventDate "2008.05.09"]
[EventType "swiss"]
[EventRounds "9"]
[EventCountry "CAN"]
[SourceTitle "EXT 2011"]
[Source "ChessBase"]
[SourceDate "2011.11.26"]
[SourceVersion "1"]
[SourceVersionDate "2011.11.26"]
[SourceQuality "1"]

1. d4 Nf6 2. c4 e6 3. Nf3 Bb4+ 4. Bd2 Qe7 5. g3 b6 6. Bg2 Bb7 7. O-O Bxd2 8. Qxd2 Ne4 9. Qc2 d5 10. cxd5 exd5 11. Nc3 O-O 12. Rac1 Na6 13. Nxe4 dxe4 14. Ne5 c5 15. Bxe4 Nb4 16. Bxh7+ Kh8 17. Qf5 Qe6 18. Nxf7+ Qxf7 19. Qh3 1-0